[Event "Estonian Chess Championship 2025 - Rapid tie-breaks"]
[Site "Tallinn, Estonia"]
[Date "2025.12.14"]
[Round "11.2"]
[White "Sirosh, Ilja"]
[Black "Krivenko, Dion"]
[Result "1/2-1/2"]
[WhiteTitle "IM"]
[BlackTitle "FM"]
[WhiteElo "2391"]
[BlackElo "2269"]

1. d4 {

[%clk 00:15:04]

} {

[%emt 00:00:01]

} Nf6 {

[%clk 00:15:05]

} {

[%emt 00:00:01]

} 2. Nf3 {

[%clk 00:15:06]

} c5 {

[%clk 00:15:07]

} {

[%emt 00:00:02]

} 3. d5 {

[%clk 00:15:07]

} {

[%emt 00:00:02]

} b5 {

[%clk 00:15:09]

} 4. e4 {

[%clk 00:15:04]

} {

[%emt 00:00:06]

} Nxe4 {

[%clk 00:15:10]

} {

[%emt 00:00:03]

} 5. Bd3 {

[%clk 00:14:36]

} {

[%emt 00:00:30]

} Nf6 {

[%clk 00:14:59]

} {

[%emt 00:00:14]

} 6. Bxb5 {

[%clk 00:13:22]

} {

[%emt 00:01:18]

} Ba6 {

[%clk 00:14:39]

} {

[%emt 00:00:23]

} 7. Bxa6 {

[%clk 00:13:07]

} {

[%emt 00:00:18]

} Qa5+ {

[%clk 00:14:35]

} {

[%emt 00:00:07]

} 8. Nc3 {

[%clk 00:12:25]

} {

[%emt 00:00:45]

} Qxa6 {

[%clk 00:14:34]

} {

[%emt 00:00:04]

} 9. Qe2 {

[%clk 00:12:20]

} {

[%emt 00:00:08]

} Qxe2+ {

[%clk 00:14:10]

} {

[%emt 00:00:27]

} 10. Kxe2 {

[%clk 00:12:22]

} {

[%emt 00:00:02]

} d6 {

[%clk 00:13:33]

} {

[%emt 00:00:40]

} 11. Rd1 {

[%clk 00:11:36]

} {

[%emt 00:00:49]

} a6 {

[%clk 00:12:04]

} {

[%emt 00:01:32]

} 12. a4 {

[%clk 00:10:48]

} {

[%emt 00:00:51]

} g6 {

[%clk 00:12:04]

} {

[%emt 00:00:03]

} 13. Ra3 {

[%clk 00:10:34]

} {

[%emt 00:00:17]

} Nbd7 {

[%clk 00:11:52]

} {

[%emt 00:00:15]

} 14. Nd2 {

[%clk 00:09:48]

} {

[%emt 00:00:48]

} Bg7 {

[%clk 00:11:30]

} {

[%emt 00:00:34]

} 15. Nde4 {

[%clk 00:09:18]

} {

[%emt 00:00:25]

} O-O {

[%clk 00:11:10]

} {

[%emt 00:00:23]

} 16. Nxf6+ {

[%clk 00:09:20]

} {

[%emt 00:00:02]

} Bxf6 {

[%clk 00:10:43]

} {

[%emt 00:00:30]

} 17. Ne4 {

[%clk 00:09:13]

} {

[%emt 00:00:09]

} Bg7 {

[%clk 00:10:33]

} {

[%emt 00:00:13]

} 18. Re3 {

[%clk 00:06:25]

} {

[%emt 00:02:50]

} Rab8 {

[%clk 00:09:39]

} {

[%emt 00:00:58]

} 19. b3 {

[%clk 00:06:22]

} {

[%emt 00:00:06]

} c4 {

[%clk 00:07:18]

} {

[%emt 00:02:25]

} 20. Nd2 {

[%clk 00:06:13]

} {

[%emt 00:00:11]

} cxb3 {

[%clk 00:06:31]

} {

[%emt 00:00:50]

} 21. cxb3 {

[%clk 00:06:15]

} {

[%emt 00:00:01]

} Rfe8 {

[%clk 00:05:06]

} {

[%emt 00:01:29]

} 22. Nc4 {

[%clk 00:06:10]

} {

[%emt 00:00:08]

} Nc5 {

[%clk 00:04:16]

} {

[%emt 00:00:53]

} 23. Na5 {

[%clk 00:06:09]

} {

[%emt 00:00:04]

} f5 {

[%clk 00:02:51]

} {

[%emt 00:01:28]

} 24. Bd2 {

[%clk 00:04:47]

} {

[%emt 00:01:25]

} Bh6 {

[%clk 00:01:55]

} {

[%emt 00:01:00]

} 25. Rf3 {

[%clk 00:04:31]

} {

[%emt 00:00:19]

} Bxd2 {

[%clk 00:01:41]

} {

[%emt 00:00:17]

} 26. Rxd2 {

[%clk 00:04:32]

} {

[%emt 00:00:01]

} Kf7 {

[%clk 00:01:08]

} {

[%emt 00:00:36]

} 27. Re3 {

[%clk 00:03:49]

} {

[%emt 00:00:46]

} Rb4 {

[%clk 00:01:05]

} {

[%emt 00:00:06]

} 28. f3 {

[%clk 00:02:41]

} {

[%emt 00:01:11]

} g5 {

[%clk 00:00:47]

} {

[%emt 00:00:22]

} 29. Kd1 {

[%clk 00:02:41]

} {

[%emt 00:00:03]

} h5 {

[%clk 00:00:47]

} {

[%emt 00:00:02]

} 30. Kc2 {

[%clk 00:02:40]

} {

[%emt 00:00:04]

} Nd7 {

[%clk 00:00:25]

} {

[%emt 00:00:25]

} 31. Nc6 {

[%clk 00:02:40]

} {

[%emt 00:00:04]

} Rb7 {

[%clk 00:00:17]

} {

[%emt 00:00:10]

} 32. Rde2 {

[%clk 00:02:41]

} {

[%emt 00:00:02]

} Nf6 {

[%clk 00:00:14]

} {

[%emt 00:00:06]

} 33. Rd2 {

[%clk 00:02:24]

} {

[%emt 00:00:20]

} Rc7 {

[%clk 00:00:16]

} {

[%emt 00:00:02]

} 34. Rc3 {

[%clk 00:02:24]

} {

[%emt 00:00:03]

} Rec8 {

[%clk 00:00:07]

} {

[%emt 00:00:12]

} 35. b4 {

[%clk 00:02:09]

} {

[%emt 00:00:18]

} Nxd5 {

[%clk 00:00:06]

} {

[%emt 00:00:04]

} 36. Rxd5 {

[%clk 00:02:11]

} Rxc6 {

[%clk 00:00:08]

} 37. Rxc6 {

[%emt 00:00:55]

} Rxc6+ 38. Kb3 {

[%clk 00:01:22]

} e5 {

[%clk 00:00:13]

} {

[%emt 00:00:01]

} 39. b5 {

[%clk 00:01:20]

} {

[%emt 00:00:05]

} axb5 {

[%clk 00:00:14]

} {

[%emt 00:00:01]

} 40. axb5 {

[%clk 00:01:22]

} {

[%emt 00:00:01]

} Rb6 {

[%clk 00:00:12]

} {

[%emt 00:00:05]

} 41. Kb4 {

[%clk 00:01:13]

} {

[%emt 00:00:11]

} Ke6 {

[%clk 00:00:14]

} 42. Rd1 {

[%clk 00:01:15]

} e4 {

[%clk 00:00:07]

} {

[%emt 00:00:12]

} 43. Kc4 {

[%clk 00:00:44]

} {

[%emt 00:00:34]

} g4 {

[%clk 00:00:06]

} {

[%emt 00:00:03]

} 44. fxe4 {

[%clk 00:00:41]

} {

[%emt 00:00:06]

} fxe4 {

[%clk 00:00:08]

} {

[%emt 00:00:01]

} 45. g3 {

[%clk 00:00:42]

} {

[%emt 00:00:02]

} Rb8 {

[%clk 00:00:10]

} 46. Rd2 {

[%clk 00:00:26]

} {

[%emt 00:00:19]

} Ra8 {

[%clk 00:00:06]

} {

[%emt 00:00:08]

} 47. b6 {

[%clk 00:00:25]

} {

[%emt 00:00:04]

} Rb8 {

[%clk 00:00:06]

} {

[%emt 00:00:03]

} 48. Rb2 {

[%clk 00:00:14]

} {

[%emt 00:00:14]

} d5+ {

[%clk 00:00:05]

} {

[%emt 00:00:04]

} 49. Kd4 {

[%clk 00:00:16]

} {

[%emt 00:00:01]

} Kd6 {

[%clk 00:00:07]

} {

[%emt 00:00:01]

} 50. b7 {

[%clk 00:00:15]

} {

[%emt 00:00:03]

} Kc6 {

[%clk 00:00:09]

} {

[%emt 00:00:01]

} 51. Rc2+ {

[%clk 00:00:17]

} {

[%emt 00:00:02]

} Kd6 {

[%clk 00:00:09]

} {

[%emt 00:00:03]

} 52. Rb2 {

[%clk 00:00:19]

} Kc6 {

[%clk 00:00:08]

} {

[%emt 00:00:04]

} 53. Rc2+ {

[%clk 00:00:22]

} Kxb7 {

[%clk 00:00:07]

} {

[%emt 00:00:04]

} 54. Kxd5 {

[%clk 00:00:23]

} {

[%emt 00:00:02]

} Re8 {

[%clk 00:00:05]

} {

[%emt 00:00:04]

} 55. Re2 {

[%clk 00:00:25]

} {

[%emt 00:00:01]

} e3 {

[%clk 00:00:05]

} {

[%emt 00:00:03]

} 56. Kd4 {

[%clk 00:00:27]

} Kc6 {

[%clk 00:00:06]

} {

[%emt 00:00:03]

} 57. Rxe3 {

[%clk 00:00:25]

} {

[%emt 00:00:04]

} Rd8+ {

[%clk 00:00:06]

} {

[%emt 00:00:03]

} 58. Kc3 {

[%clk 00:00:20]

} {

[%emt 00:00:08]

} Rd5 {

[%clk 00:00:05]

} {

[%emt 00:00:04]

} 59. Rd3 {

[%clk 00:00:13]

} {

[%emt 00:00:10]

} Rf5 {

[%clk 00:00:06]

} {

[%emt 00:00:03]

} 60. Rd2 {

[%clk 00:00:12]

} {

[%emt 00:00:04]

} Kc5 {

[%clk 00:00:07]

} {

[%emt 00:00:02]

} 61. Kd3 {

[%clk 00:00:14]

} Kd5 {

[%clk 00:00:08]

} {

[%emt 00:00:02]

} 62. Ke3+ {

[%clk 00:00:16]

} Ke5 {

[%clk 00:00:10]

} 63. Ra2 {

[%clk 00:00:19]

} Rf3+ {

[%clk 00:00:09]

} {

[%emt 00:00:04]

} 64. Ke2 {

[%clk 00:00:21]

} Kf6 {

[%clk 00:00:09]

} {

[%emt 00:00:04]

} 65. Ra6+ {

[%clk 00:00:22]

} {

[%emt 00:00:02]

} Kg5 {

[%clk 00:00:10]

} {

[%emt 00:00:01]

} 66. Ra5+ {

[%clk 00:00:24]

} {

[%emt 00:00:01]

} Kg6 {

[%clk 00:00:12]

} 67. Ra6+ {

[%clk 00:00:26]

} Kg5 {

[%clk 00:00:10]

} {

[%emt 00:00:05]

} 68. Ra5+ {

[%clk 00:00:28]

} {

[%emt 00:00:01]

} Rf5 {

[%clk 00:00:09]

} {

[%emt 00:00:04]

} 69. Rxf5+ {

[%clk 00:00:22]

} {

[%emt 00:00:09]

} Kxf5 {

[%clk 00:00:11]

} 70. Kd3 {

[%clk 00:00:15]

} {

[%emt 00:00:10]

} Ke5 {

[%clk 00:00:05]

} {

[%emt 00:00:09]

} 71. Ke3 {

[%clk 00:00:17]

} Kf5 {

[%clk 00:00:07]

} {

[%emt 00:00:01]

} 72. Kd3 {

[%clk 00:00:19]

} Ke5 {

[%clk 00:00:07]

} {

[%emt 00:00:03]

} 73. Ke3 {

[%clk 00:00:21]

} Kf5 {

[%clk 00:00:09]

} {

[%emt 00:00:01]

} 74. Kd3 {

[%clk 00:00:24]

} Ke5 {

[%clk 00:00:06]

} {

[%emt 00:00:06]

} 1/2-1/2

[Event "Estonian Chess Championship 2025"]
[Site "Tallinn, Estonia"]
[Date "2025.12.13"]
[Round "8.3"]
[White "Kanep, Meelis"]
[Black "Seeman, Tarvo"]
[Result "1/2-1/2"]
[WhiteTitle "GM"]
[BlackTitle "IM"]
[WhiteElo "2378"]
[BlackElo "2355"]

1. d4 {

[%clk 01:28:08]

} {

[%emt 00:02:51]

} g6 {

[%clk 01:30:42]

} {

[%emt 00:00:19]

} 2. c4 {

[%clk 01:28:05]

} {

[%emt 00:00:33]

} Bg7 {

[%clk 01:30:58]

} {

[%emt 00:00:14]

} 3. Nc3 {

[%clk 01:28:18]

} {

[%emt 00:00:17]

} c5 {

[%clk 01:30:29]

} {

[%emt 00:00:57]

} 4. d5 {

[%clk 01:28:16]

} {

[%emt 00:00:32]

} d6 {

[%clk 01:30:29]

} {

[%emt 00:00:30]

} 5. e4 {

[%clk 01:27:48]

} {

[%emt 00:00:58]

} a6 {

[%clk 01:29:57]

} {

[%emt 00:01:03]

} 6. a4 {

[%clk 01:24:11]

} {

[%emt 00:04:07]

} e6 {

[%clk 01:29:48]

} {

[%emt 00:00:38]

} 7. Bd3 {

[%clk 01:23:52]

} {

[%emt 00:00:50]

} exd5 {

[%clk 01:29:01]

} {

[%emt 00:01:17]

} 8. exd5 {

[%clk 01:24:14]

} {

[%emt 00:00:07]

} Ne7 {

[%clk 01:25:32]

} {

[%emt 00:03:59]

} 9. h3 {

[%clk 01:19:45]

} {

[%emt 00:04:59]

} O-O {

[%clk 01:20:16]

} {

[%emt 00:05:47]

} 10. Nf3 {

[%clk 01:17:07]

} {

[%emt 00:03:08]

} Nf5 {

[%clk 01:09:19]

} {

[%emt 00:11:27]

} 11. O-O {

[%clk 01:16:47]

} {

[%emt 00:00:49]

} 1/2-1/2

[Event "Estonian Chess Championship 2025 - Rapid tie-breaks"]
[Site "Tallinn, Estonia"]
[Date "2025.12.14"]
[Round "10.3"]
[White "Kanep, Meelis"]
[Black "Seeman, Tarvo"]
[Result "1/2-1/2"]
[WhiteTitle "GM"]
[BlackTitle "IM"]
[WhiteElo "2378"]
[BlackElo "2355"]

1. d4 {

[%clk 00:15:03]

} {

[%emt 00:00:02]

} g6 {

[%clk 00:15:05]

} {

[%emt 00:00:02]

} 2. c4 {

[%clk 00:15:04]

} {

[%emt 00:00:02]

} Bg7 {

[%clk 00:15:05]

} {

[%emt 00:00:03]

} 3. Nc3 {

[%clk 00:15:06]

} {

[%emt 00:00:02]

} c5 {

[%clk 00:15:01]

} {

[%emt 00:00:08]

} 4. d5 {

[%clk 00:15:08]

} {

[%emt 00:00:01]

} d6 {

[%clk 00:15:02]

} 5. e4 {

[%clk 00:15:09]

} {

[%emt 00:00:02]

} e6 {

[%clk 00:15:03]

} {

[%emt 00:00:02]

} 6. Bd3 {

[%clk 00:15:09]

} {

[%emt 00:00:03]

} Nf6 {

[%clk 00:15:00]

} {

[%emt 00:00:06]

} 7. h3 {

[%clk 00:14:58]

} {

[%emt 00:00:15]

} O-O {

[%clk 00:14:55]

} {

[%emt 00:00:07]

} 8. Nge2 {

[%clk 00:14:57]

} {

[%emt 00:00:04]

} Nbd7 {

[%clk 00:14:19]

} {

[%emt 00:00:40]

} 9. Bf4 {

[%clk 00:14:15]

} {

[%emt 00:01:01]

} Ne5 {

[%clk 00:13:44]

} {

[%emt 00:00:21]

} 10. O-O {

[%clk 00:14:01]

} {

[%emt 00:00:16]

} Nh5 {

[%clk 00:12:56]

} {

[%emt 00:00:53]

} 11. Bh2 {

[%clk 00:13:42]

} {

[%emt 00:00:22]

} Nxd3 {

[%clk 00:12:51]

} {

[%emt 00:00:09]

} 12. Qxd3 {

[%clk 00:13:42]

} {

[%emt 00:00:02]

} e5 {

[%clk 00:12:50]

} {

[%emt 00:00:05]

} 13. f4 {

[%clk 00:12:53]

} {

[%emt 00:00:52]

} exf4 {

[%clk 00:12:42]

} {

[%emt 00:00:11]

} 14. Nxf4 {

[%clk 00:12:52]

} {

[%emt 00:00:03]

} Nf6 {

[%clk 00:12:14]

} {

[%emt 00:00:32]

} 15. Nfe2 {

[%clk 00:12:02]

} {

[%emt 00:00:53]

} Qe7 {

[%clk 00:12:08]

} {

[%emt 00:00:09]

} 16. e5 {

[%clk 00:09:45]

} {

[%emt 00:02:20]

} dxe5 {

[%clk 00:12:06]

} {

[%emt 00:00:05]

} 17. d6 {

[%clk 00:09:46]

} {

[%emt 00:00:01]

} Qe6 {

[%clk 00:11:25]

} {

[%emt 00:00:44]

} 18. Nb5 {

[%clk 00:08:33]

} {

[%emt 00:01:16]

} e4 {

[%clk 00:10:25]

} {

[%emt 00:01:03]

} 19. Qb3 {

[%clk 00:07:17]

} {

[%emt 00:01:19]

} Ne8 {

[%clk 00:08:33]

} {

[%emt 00:01:54]

} 20. Nf4 {

[%clk 00:06:39]

} {

[%emt 00:00:42]

} Qd7 {

[%clk 00:08:05]

} {

[%emt 00:00:31]

} 21. Nd5 {

[%clk 00:06:15]

} {

[%emt 00:00:28]

} b6 {

[%clk 00:07:46]

} {

[%emt 00:00:23]

} 22. Rad1 {

[%clk 00:03:43]

} {

[%emt 00:02:34]

} Bb7 {

[%clk 00:07:12]

} {

[%emt 00:00:37]

} 23. Kh1 {

[%clk 00:03:39]

} {

[%emt 00:00:07]

} f5 {

[%clk 00:04:41]

} {

[%emt 00:02:34]

} 24. Nbc3 {

[%clk 00:03:07]

} {

[%emt 00:00:34]

} Rf7 {

[%clk 00:04:07]

} {

[%emt 00:00:38]

} 25. Qc2 {

[%clk 00:02:43]

} {

[%emt 00:00:27]

} Rd8 {

[%clk 00:03:21]

} {

[%emt 00:00:49]

} 26. Nb5 {

[%clk 00:02:25]

} {

[%emt 00:00:21]

} Bxd5 {

[%clk 00:02:47]

} {

[%emt 00:00:37]

} 27. Rxd5 {

[%clk 00:02:23]

} {

[%emt 00:00:05]

} Nf6 {

[%clk 00:02:42]

} {

[%emt 00:00:09]

} 28. Rdd1 {

[%clk 00:02:23]

} {

[%emt 00:00:02]

} Qc6 {

[%clk 00:02:22]

} {

[%emt 00:00:21]

} 29. b3 {

[%clk 00:01:55]

} {

[%emt 00:00:33]

} Nh5 {

[%clk 00:01:52]

} {

[%emt 00:00:33]

} 30. Nc7 {

[%clk 00:01:43]

} {

[%emt 00:00:15]

} f4 {

[%clk 00:01:32]

} {

[%emt 00:00:23]

} 31. Ne6 {

[%clk 00:01:22]

} {

[%emt 00:00:24]

} Rxd6 {

[%clk 00:01:31]

} {

[%emt 00:00:05]

} 32. Rxd6 {

[%clk 00:01:12]

} {

[%emt 00:00:13]

} Qxd6 {

[%clk 00:01:31]

} {

[%emt 00:00:02]

} 33. Qxe4 {

[%clk 00:01:14]

} {

[%emt 00:00:01]

} h6 {

[%clk 00:01:20]

} {

[%emt 00:00:15]

} 34. Qxg6 {

[%clk 00:00:45]

} {

[%emt 00:00:32]

} Qe5 {

[%clk 00:00:58]

} {

[%emt 00:00:23]

} 35. Nxg7 {

[%clk 00:00:14]

} {

[%emt 00:00:35]

} Rxg7 {

[%clk 00:00:54]

} {

[%emt 00:00:07]

} 36. Qd3 {

[%clk 00:00:16]

} Ng3+ {

[%clk 00:00:48]

} {

[%emt 00:00:09]

} 37. Bxg3 {

[%clk 00:00:18]

} {

[%emt 00:00:01]

} Rxg3 {

[%clk 00:00:51]

} {

[%emt 00:00:01]

} 38. Qd8+ {

[%clk 00:00:19]

} {

[%emt 00:00:01]

} Kh7 {

[%clk 00:00:49]

} {

[%emt 00:00:04]

} 39. Qd7+ {

[%clk 00:00:21]

} {

[%emt 00:00:01]

} Rg7 {

[%clk 00:00:46]

} {

[%emt 00:00:06]

} 40. Qd3+ {

[%clk 00:00:23]

} Rg6 {

[%clk 00:00:39]

} {

[%emt 00:00:11]

} 41. Qf3 {

[%clk 00:00:25]

} Qg5 {

[%clk 00:00:35]

} {

[%emt 00:00:08]

} 42. Rd1 {

[%clk 00:00:25]

} {

[%emt 00:00:03]

} Rg7 {

[%clk 00:00:31]

} {

[%emt 00:00:07]

} 43. Qe4+ {

[%clk 00:00:25]

} {

[%emt 00:00:02]

} Qg6 {

[%clk 00:00:33]

} {

[%emt 00:00:01]

} 44. Qf3 {

[%clk 00:00:25]

} {

[%emt 00:00:03]

} Qg3 {

[%clk 00:00:27]

} {

[%emt 00:00:09]

} 45. Qe4+ {

[%clk 00:00:15]

} {

[%emt 00:00:13]

} Qg6 {

[%clk 00:00:30]

} 46. Qd5 {

[%clk 00:00:16]

} {

[%emt 00:00:02]

} Qg5 {

[%clk 00:00:28]

} {

[%emt 00:00:05]

} 47. Qe4+ {

[%clk 00:00:10]

} {

[%emt 00:00:09]

} 1/2-1/2

[Event "Estonian Chess Championship 2025 - Rapid tie-breaks"]
[Site "Tallinn, Estonia"]
[Date "2025.12.14"]
[Round "11.3"]
[White "Seeman, Tarvo"]
[Black "Kanep, Meelis"]
[Result "1/2-1/2"]
[WhiteTitle "IM"]
[BlackTitle "GM"]
[WhiteElo "2355"]
[BlackElo "2378"]

1. c4 {

[%clk 00:15:05]

} g6 {

[%clk 00:15:04]

} {

[%emt 00:00:03]

} 2. g3 {

[%clk 00:15:03]

} {

[%emt 00:00:05]

} Bg7 {

[%clk 00:15:05]

} 3. Bg2 {

[%clk 00:15:05]

} {

[%emt 00:00:01]

} Nf6 {

[%clk 00:15:05]

} {

[%emt 00:00:03]

} 4. Nc3 {

[%clk 00:15:06]

} {

[%emt 00:00:03]

} O-O {

[%clk 00:15:05]

} {

[%emt 00:00:03]

} 5. e4 {

[%clk 00:15:06]

} {

[%emt 00:00:03]

} e5 {

[%clk 00:14:49]

} {

[%emt 00:00:18]

} 6. Nge2 {

[%clk 00:14:51]

} {

[%emt 00:00:19]

} Nc6 {

[%clk 00:14:37]

} {

[%emt 00:00:15]

} 7. d3 {

[%clk 00:14:42]

} {

[%emt 00:00:11]

} d6 {

[%clk 00:14:09]

} {

[%emt 00:00:31]

} 8. O-O {

[%clk 00:14:34]

} {

[%emt 00:00:11]

} Nd4 {

[%clk 00:14:10]

} {

[%emt 00:00:03]

} 9. h3 {

[%clk 00:13:38]

} {

[%emt 00:00:58]

} Nd7 {

[%clk 00:13:31]

} {

[%emt 00:00:41]

} 10. Rb1 {

[%clk 00:11:46]

} {

[%emt 00:01:55]

} a5 {

[%clk 00:13:10]

} {

[%emt 00:00:24]

} 11. a3 {

[%clk 00:11:39]

} {

[%emt 00:00:11]

} 1/2-1/2

[Event "Estonian Chess Championship 2025 - Blitz tie-breaks"]
[Site "Tallinn, Estonia"]
[Date "2025.12.14"]
[Round "12.3"]
[White "Kanep, Meelis"]
[Black "Seeman, Tarvo"]
[Result "1/2-1/2"]
[WhiteTitle "GM"]
[BlackTitle "IM"]
[WhiteElo "2378"]
[BlackElo "2355"]

1. d4 {

[%clk 00:03:02]

} {

[%emt 00:00:02]

} g6 {

[%clk 00:03:04]

} {

[%emt 00:00:01]

} 2. c4 {

[%clk 00:03:03]

} Bg7 {

[%clk 00:03:04]

} 3. Nc3 {

[%clk 00:03:04]

} c5 {

[%clk 00:03:05]

} {

[%emt 00:00:03]

} 4. d5 {

[%clk 00:03:05]

} d6 {

[%clk 00:03:06]

} 5. e4 {

[%clk 00:03:06]

} {

[%emt 00:00:02]

} e6 {

[%clk 00:03:06]

} {

[%emt 00:00:02]

} 6. Bd3 {

[%clk 00:03:06]

} {

[%emt 00:00:02]

} Nf6 {

[%clk 00:03:07]

} {

[%emt 00:00:01]

} 7. Nge2 {

[%clk 00:03:01]

} {

[%emt 00:00:06]

} O-O {

[%clk 00:03:04]

} {

[%emt 00:00:05]

} 8. O-O {

[%clk 00:03:02]

} {

[%emt 00:00:01]

} Na6 {

[%clk 00:02:45]

} {

[%emt 00:00:21]

} 9. f4 {

[%clk 00:02:47]

} {

[%emt 00:00:17]

} exd5 {

[%clk 00:02:16]

} {

[%emt 00:00:32]

} 10. cxd5 {

[%clk 00:02:47]

} {

[%emt 00:00:01]

} Re8 {

[%clk 00:01:42]

} {

[%emt 00:00:36]

} 11. Kh1 {

[%clk 00:02:44]

} {

[%emt 00:00:04]

} c4 {

[%clk 00:01:41]

} {

[%emt 00:00:04]

} 12. Bc2 {

[%clk 00:02:37]

} {

[%emt 00:00:09]

} Nc5 {

[%clk 00:01:41]

} {

[%emt 00:00:03]

} 13. Ng3 {

[%clk 00:02:16]

} {

[%emt 00:00:23]

} b5 {

[%clk 00:01:32]

} {

[%emt 00:00:12]

} 14. e5 {

[%clk 00:01:47]

} {

[%emt 00:00:30]

} dxe5 {

[%clk 00:01:26]

} {

[%emt 00:00:09]

} 15. fxe5 {

[%clk 00:01:47]

} {

[%emt 00:00:01]

} Rxe5 {

[%clk 00:01:22]

} {

[%emt 00:00:05]

} 16. Bf4 {

[%clk 00:01:48]

} {

[%emt 00:00:01]

} Ng4 {

[%clk 00:00:47]

} {

[%emt 00:00:38]

} 17. Bxe5 {

[%clk 00:01:32]

} {

[%emt 00:00:17]

} Bxe5 {

[%clk 00:00:46]

} {

[%emt 00:00:02]

} 18. Qf3 {

[%clk 00:01:28]

} {

[%emt 00:00:06]

} f5 {

[%clk 00:00:40]

} {

[%emt 00:00:08]

} 19. Rae1 {

[%clk 00:01:08]

} {

[%emt 00:00:21]

} Qh4 {

[%clk 00:00:36]

} {

[%emt 00:00:07]

} 20. h3 {

[%clk 00:00:57]

} {

[%emt 00:00:12]

} Bxg3 {

[%clk 00:00:26]

} {

[%emt 00:00:12]

} 21. d6 {

[%clk 00:00:27]

} {

[%emt 00:00:32]

} Bb7 {

[%clk 00:00:24]

} {

[%emt 00:00:04]

} 22. Nd5 {

[%clk 00:00:16]

} {

[%emt 00:00:13]

} Bxe1 {

[%clk 00:00:17]

} {

[%emt 00:00:09]

} 23. d7 {

[%clk 00:00:05]

} {

[%emt 00:00:13]

} Kg7 {

[%clk 00:00:05]

} {

[%emt 00:00:14]

} 24. Bxf5 {

[%clk 00:00:05]

} {

[%emt 00:00:03]

} gxf5 {

[%clk 00:00:04]

} {

[%emt 00:00:03]

} 25. Qxf5 {

[%clk 00:00:05]

} Nf2+ {

[%clk 00:00:04]

} {

[%emt 00:00:03]

} 26. Kg1 {

[%clk 00:00:04]

} {

[%emt 00:00:03]

} Bxd5 {

[%clk 00:00:03]

} {

[%emt 00:00:02]

} 27. Qxd5 {

[%clk 00:00:03]

} {

[%emt 00:00:03]

} Rf8 {

[%clk 00:00:03]

} {

[%emt 00:00:02]

} 28. Qe5+ {

[%clk 00:00:03]

} {

[%emt 00:00:02]

} Kg8 {

[%clk 00:00:04]

} {

[%emt 00:00:01]

} 29. Qd5+ {

[%clk 00:00:04]

} {

[%emt 00:00:02]

} Kg7 {

[%clk 00:00:05]

} 30. Qe5+ {

[%clk 00:00:05]

} Kg8 {

[%clk 00:00:05]

} {

[%emt 00:00:02]

} 31. Qd5+ {

[%clk 00:00:06]

} {

[%emt 00:00:01]

} Kg7 {

[%clk 00:00:05]

} 32. Qe5+ {

[%emt 00:00:01]

} 1/2-1/2